First 2 books of Harry Potter quiz - Statistics

General Stats
  • This quiz has been taken 3,266 times
  • The average score is 11 of 12
Answer Stats
Hint Answer % Correct
Which wizarding family does Dobby serve? Malfoy's
99%
What is the name of the dark lord? Voldemort
97%
On Dudley's birthday, where did they go? The zoo
96%
What color is Ron and his family's hair? Red
95%
What is the name of Ron's sister who was taken into the chamber of secrets? Ginny
94%
What is the symbol of Slytherin? Serpent
93%
What house is Professor Snape head of? Slytherin
93%
What does Harry Potter see in the mirror of Erised? His parents
91%
What is the name of the platform to get on to Hogwarts Express? 9 3/4
90%
What is Harry's aunts first name? Petunia
89%
What is Tom Riddle's middle name? Marvolo
85%
What are Hermione's parents? Muggles
79%
No matching quizzes found
Score Distribution
Percent of People with Each Score
Percentile by Number Answered
Your Score History
You have not taken this quiz